| 000 | 02186nam0a2200349 i 4500 | ||
|---|---|---|---|
| 001 | RU\NLR\BIBL_A\010472996 | ||
| 005 | 20241103154908.0 | ||
| 010 |
_a9785939326384 _9100 |
||
| 021 |
_aRU _b2014-54655 _93304 |
||
| 035 | _a(NILC)RuMoRGB-007527736 | ||
| 035 | _a(NLR Aleph) 010472996 | ||
| 090 |
_a10029409 _c10029409 |
||
| 100 | _a20141006d2014 um y0rusy50 ca | ||
| 101 | 0 | _arus | |
| 102 | _aRU | ||
| 105 | _aa|||j||||01yy | ||
| 200 | 1 |
_aОрганизация и методика налогового консультирования _eучебное пособие для высшего профессионального образования _fЛ. В. Попова, И. А. Коростелкина, Е. Г. Дедкова _gМ-во образования и науки Рос. Федерации, Федер. гос. бюджет. образоват. учреждение высш. проф. образования "Гос. ун-т - учебно-науч.-произв. комплекс" |
|
| 210 |
_aОрел _cГосударственный университет- учебно-научно-производственный комплекс _d2014 |
||
| 215 |
_a471 с. _cсхем. _d21 |
||
| 320 | _aБиблиогр.: с. 462-471 (143 назв.) | ||
| 606 |
_aКонсультирование налоговое _jУчебные издания для высших учебных заведений _92503092 _3RU\NLR\AUTH\661484429 |
||
| 610 | 0 | _aналоговое консультирование | |
| 686 | 1 | _aУ26(2)141.3я73 | |
| 700 | 1 |
_7ca _8rus _aПопова _bЛ. В. _cд-р экон. наук, бухгалтерский учет _gЛюдмила Владимировна _933558 _3RU\NLR\AUTH\7750624 |
|
| 701 | 1 |
_7ca _8rus _aКоростелкина _bИ. А. _cд-р экон. наук _gИрина Алексеевна _9203808 _3RU\NLR\AUTH\770203859 |
|
| 701 | 1 |
_aДедкова _bЕ. Г. _cканд. экон. наук _gЕлена Геннадьевна _9196895 _3RU\NLR\AUTH\770196946 |
|
| 801 | 0 |
_aRU _bРГБ _c20140730 _gRCR |
|
| 801 | 1 |
_aRU _bРГБ _c20140730 _2rusmarc |
|
| 942 | _cBOOK | ||
| 980 | _aNBR | ||